[Event "Ä19 "]
[Site "Loo"]
[Date "2017.04.20"]
[Round "1.4"]
[White "Òèøîâà, Ñâåòëàíà."]
[Black "Ãðåõí¸âà, ßíà."]
[Result "1-0"]
[WhiteElo "2177"]
[BlackElo "1881"]
[PlyCount "83"]
[EventDate "2017.04.20"]

1. e4 c5 2. Nf3 Nc6 3. Bb5 d6 4. O-O Nf6 5. Re1 a6 6. Bxc6+ bxc6 7. e5 Nd5 8.
d3 Bg4 9. h3 Bh5 10. exd6 Qxd6 11. Nbd2 e6 12. Ne4 Qc7 13. b3 Be7 14. Ba3 Qa5
15. Bb2 O-O 16. Qd2 Qb6 17. Ne5 Rad8 18. Nc4 Qa7 19. Qa5 Nb4 20. Rac1 Bg6 21.
a3 Nd5 22. Ne5 Rc8 23. Qa4 Qb7 24. Nd2 Bg5 25. Rcd1 Bh5 26. g4 Bg6 27. Ndf3 Be7
28. h4 h6 29. Nxg6 fxg6 30. Qe4 Nc7 31. Qxg6 Bf6 32. Ne5 Nd5 33. Bc1 Rce8 34.
g5 hxg5 35. hxg5 Ne7 36. Qh5 Bxe5 37. Rxe5 Nf5 38. g6 Nh6 39. Bxh6 gxh6 40.
Qxh6 Qg7 41. Qxg7+ Kxg7 42. Rxc5 1-0

[Event "Ä19 "]
[Site "Loo"]
[Date "2017.04.20"]
[Round "1.5"]
[White "Þðîâñêèõ, ßñìèí."]
[Black "Ìàðòûíþê, Åëèçàâåòà."]
[Result "1-0"]
[WhiteElo "1880"]
[BlackElo "2165"]
[PlyCount "120"]
[EventDate "2017.04.20"]

1. e4 c5 2. Nf3 Nc6 3. d4 cxd4 4. Nxd4 Qb6 5. Nxc6 bxc6 6. Bd3 g6 7. O-O Bg7 8.
Nd2 Nf6 9. Nc4 Qc7 10. e5 Nd5 11. f4 d6 12. exd6 exd6 13. Qe2+ Be6 14. f5 gxf5
15. Bg5 O-O 16. Qh5 Bd4+ 17. Kh1 f6 18. Bh6 Rf7 19. Bxf5 Bxf5 20. Rxf5 Be5 21.
Raf1 Re8 22. Nxe5 Rxe5 23. Rxe5 dxe5 24. c4 Ne7 25. Rxf6 Ng6 26. Qf5 Rxf6 27.
Qxf6 Qd7 28. h3 e4 29. c5 a5 30. b3 Qd1+ 31. Kh2 Qd7 32. a3 Qc7+ 33. Kh1 Qe5
34. Qxe5 Nxe5 35. Kg1 Nd3 36. Be3 Kf7 37. Kf1 Ke6 38. Ke2 Kd5 39. g4 Ne5 40.
Kd2 Nf3+ 41. Kc3 Ne1 42. Kd2 Ng2 43. Ke2 Nh4 44. Bf2 Nf3 45. h4 Ne5 46. g5 Nd3
47. Be3 Ke5 48. h5 Kf5 49. Kd2 Ne5 50. Kc3 Nd3 51. b4 axb4+ 52. axb4 Ne5 53.
Bd2 Kg4 54. h6 Kf3 55. Kd4 Ng6 56. b5 cxb5 57. c6 b4 58. c7 Ne7 59. g6 b3 60.
Kc3 Ke2 1-0

[Event "Ä19 "]
[Site "Loo"]
[Date "2017.04.20"]
[Round "1.6"]
[White "Àðóòþíîâà, Àñÿ."]
[Black "Äåì÷åíêî, Àëèñà."]
[Result "1-0"]
[WhiteElo "2125"]
[BlackElo "1876"]
[PlyCount "73"]
[EventDate "2017.04.20"]

1. Nf3 d5 2. c4 e6 3. g3 Nf6 4. Bg2 Be7 5. O-O O-O 6. Qc2 b6 7. b3 Bb7 8. Bb2
dxc4 9. bxc4 Nbd7 10. Nc3 c5 11. Rfe1 Bd6 12. Rad1 a6 13. Ba3 Qc7 14. e4 Ne5
15. Nxe5 Bxe5 16. Ne2 Rfd8 17. f4 Bd4+ 18. Nxd4 cxd4 19. d3 Nd7 20. Qe2 Nc5 21.
Qg4 Qd7 22. Bxc5 bxc5 23. Rb1 Rab8 24. Qg5 Qc7 25. Rb2 h6 26. Qh5 Ba8 27. Reb1
Rxb2 28. Rxb2 Qa5 29. h3 Bc6 30. Kh2 Rc8 31. f5 exf5 32. Qxf5 Re8 33. Rf2 f6
34. Qg6 Qd8 35. e5 Bxg2 36. exf6 Qd7 37. f7+ 1-0

[Event "Ä19 "]
[Site "Loo"]
[Date "2017.04.20"]
[Round "1.7"]
[White "Ìóõòàðîâà, Àíàñòàñèÿ."]
[Black "Ãîðîâåíêî, Äàðüÿ."]
[Result "0-1"]
[WhiteElo "1859"]
[BlackElo "2122"]
[PlyCount "100"]
[EventDate "2017.04.20"]

1. c4 e5 2. Nc3 Nf6 3. Nf3 Nc6 4. g3 d5 5. cxd5 Nxd5 6. d3 Be7 7. Bg2 Nb6 8.
O-O O-O 9. b3 Be6 10. Bb2 f6 11. Rc1 a5 12. a3 Qd7 13. Re1 Rfd8 14. Nd2 Nd5 15.
Nce4 b6 16. Nc3 Rac8 17. Nb5 Bc5 18. Ne4 Bd4 19. Qd2 Nde7 20. Qc2 Nb4 21. axb4
Qxb5 22. Bxd4 exd4 23. bxa5 Qxa5 24. Ra1 Qb5 25. Nd2 Nd5 26. Qc4 Qxc4 27. bxc4
Nc3 28. Ne4 Nxe4 29. Bxe4 Re8 30. Bf3 Bf5 31. Reb1 Re5 32. Ra7 Kf8 33. Rb2 g5
34. Bc6 h5 35. f4 gxf4 36. gxf4 Re3 37. Bf3 Bg4 38. Bxg4 hxg4 39. Kf2 Re7 40.
Rba2 Rce8 41. Kf1 Kf7 42. R7a4 Kg6 43. Rb4 Kf5 44. Rb5+ Kxf4 45. Rd5 c5 46. Kf2
f5 47. Rd6 Rh8 48. Kg2 Reh7 49. e3+ Kxe3 50. Re6+ Kxd3 0-1

[Event "Ä19 "]
[Site "Loo"]
[Date "2017.04.20"]
[Round "1.8"]
[White "Êîð÷àãèíà, Àëåíà."]
[Black "Áî÷àðîâà, Óëüÿíà."]
[Result "1/2-1/2"]
[WhiteElo "2119"]
[BlackElo "1852"]
[PlyCount "104"]
[EventDate "2017.04.20"]

1. Nf3 d5 2. d4 Nf6 3. c4 e6 4. Nc3 Be7 5. Bg5 O-O 6. e3 b6 7. cxd5 Nxd5 8.
Bxe7 Qxe7 9. Rc1 Nxc3 10. Rxc3 Ba6 11. Qc2 Rc8 12. Bxa6 Nxa6 13. a3 c5 14. O-O
Qb7 15. Ng5 g6 16. Rc1 Rd8 17. dxc5 Nxc5 18. b4 Na6 19. Ne4 f5 20. Ng5 Rd6 21.
e4 Qd7 22. Rc8+ Rxc8 23. Qxc8+ Qxc8 24. Rxc8+ Kg7 25. Kf1 fxe4 26. Nxe4 Rd7 27.
Ra8 Kh6 28. Ke2 e5 29. g4 Kg7 30. g5 h6 31. Nf6 Re7 32. h4 hxg5 33. hxg5 Kf7
34. Kd3 Rb7 35. Rh8 Ke6 36. Ke4 Nc7 37. a4 Na6 38. Rh6 Rc7 39. Rxg6 Rc4+ 40.
Ke3 Kf5 41. Rg7 Nxb4 42. Rxa7 Rc3+ 43. Ke2 Rc2+ 44. Kf3 Kxg5 45. Ne4+ Kg6 46.
Re7 Nc6 47. Rb7 Nd4+ 48. Kg4 Rc6 49. Rb8 Kf7 50. Ng5+ Ke7 51. Rb7+ Kd6 52. f4
exf4 1/2-1/2

[Event "Ä19 "]
[Site "Loo"]
[Date "2017.04.20"]
[Round "1.9"]
[White "Àëåêñååâà, Þëèÿ."]
[Black "Ïîòàïîâà, Ìàðãàðèòà."]
[Result "0-1"]
[WhiteElo "1850"]
[BlackElo "2096"]
[PlyCount "54"]
[EventDate "2017.04.20"]

1. e4 c5 2. Nf3 a6 3. d4 cxd4 4. Nxd4 Nf6 5. Nc3 e5 6. Nb3 Bb4 7. Qd3 O-O 8.
Bd2 d6 9. a3 Bxc3 10. Bxc3 Nc6 11. O-O-O Be6 12. Nd2 b5 13. Nf3 Ng4 14. Qd2 Qb6
15. Rg1 Nxf2 16. Re1 Ng4 17. h3 Nf6 18. g4 a5 19. b3 Rfd8 20. Bd3 Rdc8 21. Kb1
b4 22. Bb2 a4 23. axb4 Nxb4 24. bxa4 Rxa4 25. g5 Nh5 26. Nh4 Nxd3 27. Qxd3 Rb4
0-1

[Event "Ä19 "]
[Site "Loo"]
[Date "2017.04.20"]
[Round "1.10"]
[White "Áîðèñîâà, Åêàòåðèíà."]
[Black "Ñàôèþëëèíà, Äèíàðà."]
[Result "1-0"]
[WhiteElo "2078"]
[BlackElo "1839"]
[PlyCount "91"]
[EventDate "2017.04.20"]

1. Nf3 Nf6 2. c4 d5 3. d4 c6 4. Qc2 e6 5. g3 Be7 6. Bg2 Nbd7 7. O-O O-O 8. Nbd2
dxc4 9. Nxc4 Nd5 10. e4 N5b6 11. Bf4 Nxc4 12. Qxc4 Nf6 13. Ne5 Qb6 14. Nd3 Rd8
15. Be3 Ng4 16. b3 Qa5 17. Bf4 Qb6 18. Be3 Qa5 19. Bc1 Qh5 20. h3 Nf6 21. Ne5
Nd7 22. Nf3 Qa5 23. Bb2 Bf6 24. Rfd1 Qc7 25. Rac1 Nb6 26. Qe2 h6 27. Nh2 a5 28.
a3 Nd7 29. Ng4 Be7 30. d5 Nc5 31. Be5 Qb6 32. d6 Bg5 33. Rc2 Nxb3 34. h4 Bc1
35. Rcxc1 Nxc1 36. Nxh6+ Kh7 37. Qh5 g6 38. Qf3 f5 39. Rxc1 Kxh6 40. Qf4+ Kh7
41. Qg5 Rd7 42. h5 Rg7 43. Bxg7 Kxg7 44. Qe7+ Kh6 45. Qf6 Kh7 46. hxg6+ 1-0

[Event "Ä19 "]
[Site "Loo"]
[Date "2017.04.20"]
[Round "1.11"]
[White "Òèìàêîâà, Ìàðèÿ."]
[Black "Êîøåïàðîâà, Òàòüÿíà."]
[Result "1/2-1/2"]
[WhiteElo "1828"]
[BlackElo "2074"]
[PlyCount "51"]
[EventDate "2017.04.20"]

1. e4 c5 2. Ne2 Nc6 3. d4 cxd4 4. Nxd4 Nf6 5. Nc3 d6 6. Nde2 g6 7. g3 Bg7 8.
Bg2 O-O 9. O-O a6 10. a4 Rb8 11. Nd5 Nxd5 12. exd5 Ne5 13. Nd4 Qc7 14. b3 Qc3
15. Ra2 Bg4 16. Qd2 Qxd2 17. Bxd2 Rfc8 18. Be3 Rc3 19. Re1 Rbc8 20. Bd2 R3c7
21. Ba5 Rc5 22. Bb4 R5c7 23. Ba5 Rc5 24. Bb4 R5c7 25. Ba5 Rc5 26. Bb4 1/2-1/2

[Event "Ä19 "]
[Site "Loo"]
[Date "2017.04.20"]
[Round "1.12"]
[White "Èëüèíà, Íàòàëüÿ."]
[Black "Þðêèíà, Àíàñòàñèÿ."]
[Result "1-0"]
[WhiteElo "2072"]
[BlackElo "1812"]
[PlyCount "135"]
[EventDate "2017.04.20"]

1. e4 e5 2. Nf3 Nc6 3. Bb5 a6 4. Ba4 b5 5. Bb3 Nf6 6. d3 Be7 7. O-O O-O 8. a4
Bb7 9. Re1 d6 10. Nbd2 Nd4 11. Nxd4 exd4 12. c3 dxc3 13. bxc3 c5 14. Bc2 Qd7
15. h3 a5 16. axb5 Qxb5 17. Nc4 d5 18. Rb1 Qc6 19. Ba4 Qc7 20. Nb6 Ra6 21. Qb3
dxe4 22. Nd7 Nxd7 23. Qxb7 Ra7 24. Qxe4 Nf6 25. Qf3 Rd8 26. Bf4 Bd6 27. Bg5 Be5
28. Rbc1 Qd6 29. Qf5 h6 30. Qxe5 hxg5 31. Qxg5 Nd5 32. Re4 Nf6 33. Re3 Nh7 34.
Qh5 Re7 35. Bc2 Rxe3 36. fxe3 Nf6 37. Qf3 Nd5 38. Bb3 Rd7 39. Bxd5 Qxd5 40.
Qxd5 Rxd5 41. d4 Kf8 42. Ra1 cxd4 43. cxd4 Ke7 44. Kf2 Ke6 45. Ke2 f5 46. Kd3
Kd6 47. Kc4 Kc6 48. Ra2 Rb5 49. g4 g6 50. Rf2 Rb4+ 51. Kc3 Rb5 52. gxf5 gxf5
53. h4 Kd6 54. Rh2 Kd5 55. h5 a4 56. h6 Rb3+ 57. Kc2 Rb8 58. h7 Rh8 59. Kd3 a3
60. Rh5 Ke6 61. Kc3 Kf6 62. Kb3 Kg6 63. Rh3 a2 64. Kxa2 Rxh7 65. Rxh7 Kxh7 66.
Kb3 Kg6 67. Kc4 Kf6 68. Kd5 1-0

[Event "Ä19 "]
[Site "Loo"]
[Date "2017.04.20"]
[Round "1.13"]
[White "Êèñåëåâà, Åêàòåðèíà."]
[Black "Øàêèðîâà, Ðåíàòà."]
[Result "0-1"]
[WhiteElo "1808"]
[BlackElo "2064"]
[PlyCount "112"]
[EventDate "2017.04.20"]

1. e4 c5 2. Nf3 d6 3. d4 cxd4 4. Nxd4 Nf6 5. Nc3 Nc6 6. Be2 e5 7. Nb3 Be7 8.
O-O O-O 9. Be3 a5 10. a4 Be6 11. Nd2 d5 12. exd5 Nxd5 13. Nxd5 Bxd5 14. Nc4 Be4
15. Nb6 Qxd1 16. Rfxd1 Rad8 17. Nd7 Rfe8 18. Bb6 Rc8 19. c3 Bd8 20. Bxd8 Rcxd8
21. Rd2 Bf5 22. Rad1 h6 23. Bb5 Kh8 24. Nc5 Bc2 25. Rxd8 Rxd8 26. Rxd8+ Nxd8
27. b4 axb4 28. cxb4 Bf5 29. Be8 Kg8 30. b5 b6 31. Nd7 Bxd7 32. Bxd7 Nb7 33.
Bc8 Nc5 34. a5 bxa5 35. b6 a4 36. b7 Na6 37. Bf5 Kf8 38. Kf1 Ke7 39. Bd3 Nb8
40. Ke2 Kd6 41. Kd2 Kc7 42. Be4 Nd7 43. Kc3 Nc5 44. Bd5 f6 45. b8=Q+ Kxb8 46.
Kc4 Nd7 47. Kb5 Kc7 48. Bg8 Kd6 49. f3 Nc5 50. Bc4 f5 51. Kb4 g5 52. h3 h5 53.
Bf7 h4 54. Bg6 Nd3+ 55. Kxa4 Ke6 56. f4 Nxf4 0-1

[Event "Ä19 "]
[Site "Loo"]
[Date "2017.04.20"]
[Round "1.14"]
[White "Ìóõèíà, ßíà."]
[Black "Ñåðåãèíà, Ìàðèÿ."]
[Result "1-0"]
[WhiteElo "2004"]
[BlackElo "1804"]
[PlyCount "185"]
[EventDate "2017.04.20"]

1. e4 c6 2. d4 d5 3. Nc3 dxe4 4. Nxe4 Nd7 5. c3 Ngf6 6. Nxf6+ Nxf6 7. Bc4 Qc7
8. Ne2 Bf5 9. Bf4 Qd7 10. O-O e6 11. Ng3 Bg6 12. Be5 Be7 13. Bxf6 Bxf6 14. Bd3
Bxd3 15. Qxd3 c5 16. Nh5 cxd4 17. Nxf6+ gxf6 18. Rfd1 Rd8 19. cxd4 Qd5 20. Rac1
Rg8 21. f3 Rg7 22. Qa3 Rg5 23. b4 Qb5 24. Rd2 Rgd5 25. Rc5 Qb6 26. Qd3 Qxb4 27.
Rc4 Qb6 28. f4 Kf8 29. h3 e5 30. fxe5 fxe5 31. Qxh7 exd4 32. Rf2 Qe6 33. Rc7
R8d7 34. Qh8+ Ke7 35. Rc8 Rd8 36. Rc7+ R5d7 37. Qh4+ f6 38. Qh7+ Kd6 39. Rxd7+
Rxd7 40. Qh4 Qe1+ 41. Kh2 Qe5+ 42. g3 Rf7 43. Rd2 Kd5 44. Qg4 f5 45. Qf3+ Kd6
46. Qa3+ Ke6 47. Qb3+ Kf6 48. Qa4 d3 49. Qxa7 Qc3 50. Qe3 Re7 51. Qxd3 Qxd3 52.
Rxd3 Re2+ 53. Kg1 Rxa2 54. Rb3 Ra7 55. Kg2 Kg5 56. h4+ Kg4 57. Rb4+ Kh5 58. Kf3
Ra6 59. Rxb7 Kg6 60. Rb4 Re6 61. Kf4 Kf6 62. h5 Ra6 63. Rc4 Rb6 64. Rd4 Ra6 65.
h6 Kg6 66. h7 Kxh7 67. Kxf5 Ra1 68. Rd5 Rf1+ 69. Kg5 Rg1 70. g4 Kg7 71. Rd7+
Kf8 72. Kf5 Rf1+ 73. Kg6 Rg1 74. g5 Rg2 75. Rf7+ Kg8 76. Rg7+ Kf8 77. Ra7 Rg1
78. Ra8+ Ke7 79. Kh6 Rh1+ 80. Kg7 Rg1 81. g6 Rg2 82. Ra7+ Ke6 83. Ra6+ Ke7 84.
Ra7+ Ke6 85. Kh7 Rh2+ 86. Kg8 Kf6 87. g7 Ke6 88. Kf8 Rf2+ 89. Ke8 Rg2 90. Ra6+
Ke5 91. Kf7 Rf2+ 92. Kg6 Rg2+ 93. Kh7 1-0

[Event "Ä19 "]
[Site "Loo"]
[Date "2017.04.20"]
[Round "1.15"]
[White "Ñàòàåâà, Ëàíà."]
[Black "Ìàðòûíîâà, Àíàñòàñèÿ."]
[Result "1-0"]
[WhiteElo "1802"]
[BlackElo "1987"]
[PlyCount "99"]
[EventDate "2017.04.20"]

1. e4 d6 2. d4 Nf6 3. Nc3 e5 4. dxe5 dxe5 5. Qxd8+ Kxd8 6. Bg5 Be6 7. O-O-O+
Kc8 8. Nf3 Nbd7 9. Bb5 c6 10. Ba4 Bb4 11. Bxf6 gxf6 12. Bb3 Nc5 13. Bxe6+ fxe6
14. Nd2 Bxc3 15. bxc3 Kc7 16. f3 Rad8 17. Rhe1 Rhg8 18. g3 h5 19. Re3 h4 20. g4
b5 21. h3 Nb7 22. Rd3 Nd6 23. Nb3 Nb7 24. Rf1 a5 25. Rxd8 Rxd8 26. f4 a4 27.
Nd2 Kd6 28. fxe5+ Kxe5 29. Nf3+ Kxe4 30. Nxh4 Rh8 31. Re1+ Kd5 32. Ng6 Re8 33.
h4 Nd8 34. Rf1 f5 35. gxf5 exf5 36. Rxf5+ Kc4 37. Kb2 a3+ 38. Kxa3 Kxc3 39.
Rc5+ Kd4 40. Kb4 Re1 41. c3+ Kd3 42. Ne5+ Kc2 43. Nxc6 Rb1+ 44. Ka3 Nb7 45.
Nd4+ Kd3 46. Rxb5 Rxb5 47. Nxb5 Kc4 48. Ka4 Nc5+ 49. Ka5 Kd5 50. a4 1-0

[Event "Ä19 "]
[Site "Loo"]
[Date "2017.04.20"]
[Round "1.16"]
[White "Ìàòþêîâà, Óëüÿíà."]
[Black "Áî÷àðîâà, Àíàñòàñèÿ."]
[Result "1/2-1/2"]
[WhiteElo "1984"]
[BlackElo "1797"]
[PlyCount "101"]
[EventDate "2017.04.20"]

1. d4 d6 2. e4 g6 3. Nc3 Bg7 4. Be3 Nd7 5. f4 e5 6. Nf3 exf4 7. Bxf4 Ngf6 8.
Qd2 O-O 9. O-O-O a6 10. Bg5 Qe8 11. Re1 c6 12. h3 b5 13. Bd3 Nb6 14. Qf4 Qe6
15. g4 b4 16. Nd1 Ne8 17. Kb1 f6 18. Bh6 g5 19. Qe3 Bxh6 20. d5 Nxd5 21. exd5
Qxd5 22. Be4 Qf7 23. Bxc6 Bb7 24. Bxb7 Qxb7 25. Nd4 Rf7 26. Nf5 Bf8 27. h4 h6
28. hxg5 hxg5 29. Rh2 Rh7 30. Rxh7 Qxh7 31. Qf3 Rb8 32. Rh1 Qb7 33. Qh3 Bg7 34.
Nde3 a5 35. Rh2 Qa7 36. Nxg7 Nxg7 37. Qh7+ Kf7 38. Qd3 Re8 39. Rh3 Qc5 40. Kc1
a4 41. Kd2 a3 42. bxa3 bxa3 43. Rf3 Qb4+ 44. Kd1 Qb1+ 45. Kd2 Qxa2 46. Nd5 Re6
47. Qb5 Kg6 48. Qd3+ Kf7 49. Qb5 Kg6 50. Qd3+ Kf7 51. Qb5 1/2-1/2

[Event "Ä19 "]
[Site "Loo"]
[Date "2017.04.20"]
[Round "1.17"]
[White "Äîðîôååâà, Íúóðãóéààíà."]
[Black "Ìèëîâàíîâà, Ìàðèÿ."]
[Result "0-1"]
[WhiteElo "1778"]
[BlackElo "1981"]
[PlyCount "70"]
[EventDate "2017.04.20"]

1. d4 Nf6 2. Nf3 e6 3. Bf4 d5 4. Nbd2 c5 5. e3 Nc6 6. c3 cxd4 7. exd4 Nh5 8.
Bg3 g6 9. Be2 Bg7 10. Ne5 Nxe5 11. Bxe5 f6 12. Bg3 Nxg3 13. hxg3 O-O 14. Qb3 e5
15. Bf3 Be6 16. O-O Qd7 17. Rfe1 e4 18. Be2 f5 19. Nf1 Rac8 20. Bb5 Qf7 21. Ne3
g5 22. Qd1 f4 23. gxf4 gxf4 24. Nf1 Qg6 25. Nh2 Bh3 26. Bf1 f3 27. Qb3 Rcd8 28.
g3 Bxf1 29. Nxf1 Rf6 30. Qxb7 Qh5 31. Qc7 Re8 32. g4 Qxg4+ 33. Qg3 Qd7 34. Qh4
Rh6 35. Qf4 Rf8 0-1

[Event "Ä19 "]
[Site "Loo"]
[Date "2017.04.20"]
[Round "1.18"]
[White "Òóêàåâà, Àäåëÿ."]
[Black "Êàçàê, Íàòàëüÿ."]
[Result "0-1"]
[WhiteElo "1970"]
[BlackElo "1769"]
[PlyCount "60"]
[EventDate "2017.04.20"]

1. e4 c5 2. Nf3 Nc6 3. Bb5 d6 4. Bxc6+ bxc6 5. O-O g6 6. c3 Bg7 7. d4 cxd4 8.
cxd4 Nf6 9. Nc3 O-O 10. h3 Bb7 11. Be3 Qd7 12. Qd2 Rfc8 13. Bh6 Bh8 14. Ng5 Nh5
15. Rad1 Rab8 16. Rfe1 c5 17. d5 Ba6 18. f4 Bd4+ 19. Kh1 Qb7 20. Rb1 Ng3+ 21.
Kh2 Nf1+ 22. Rxf1 Bxf1 23. Rxf1 Qxb2 24. Qe1 Qxc3 25. Qh4 Bf6 26. f5 Qe5+ 27.
Kh1 Rb4 28. fxg6 fxg6 29. Bg7 Qxg5 30. Bxf6 exf6 0-1

[Event "Ä19 "]
[Site "Loo"]
[Date "2017.04.20"]
[Round "1.19"]
[White "Àëåêñååâà, Àíãåëèíà."]
[Black "Êîïîâàÿ, Àëåêñàíäðà."]
[Result "1/2-1/2"]
[WhiteElo "1714"]
[BlackElo "1958"]
[PlyCount "69"]
[EventDate "2017.04.20"]

1. d4 Nf6 2. c4 e6 3. Nf3 d5 4. g3 Bb4+ 5. Bd2 Bxd2+ 6. Nbxd2 O-O 7. Bg2 Nbd7
8. O-O Re8 9. Qc2 c6 10. Rfd1 Qe7 11. Rac1 e5 12. dxe5 Nxe5 13. e3 Bg4 14. cxd5
Nxd5 15. h3 Bh5 16. Qf5 Nxf3+ 17. Nxf3 Bg6 18. Qg4 Rad8 19. Nh4 Be4 20. Nf5
Bxf5 21. Qxf5 Nf6 22. Qa5 b6 23. Qa4 c5 24. Bc6 Rf8 25. Kg2 h6 26. a3 a5 27.
Qb5 Qc7 28. Bf3 Rxd1 29. Rxd1 Rd8 30. Qb3 Rd6 31. Qa4 Rd8 32. Qb3 Rd6 33. Qa4
Rd8 34. Qb3 Rd6 35. Qa4 1/2-1/2

[Event "Ä19 "]
[Site "Loo"]
[Date "2017.04.20"]
[Round "1.20"]
[White "Øàïàðü, Òàòüÿíà."]
[Black "Êàëèíîâñêàÿ, Ëþäìèëà."]
[Result "1-0"]
[WhiteElo "1950"]
[BlackElo "1689"]
[PlyCount "61"]
[EventDate "2017.04.20"]

1. e4 c5 2. Nf3 Nc6 3. c3 d6 4. d4 cxd4 5. cxd4 g6 6. Nc3 Bg7 7. Be2 Nf6 8. O-O
O-O 9. h3 d5 10. e5 Ne4 11. Bd3 Nxc3 12. bxc3 f6 13. exf6 exf6 14. Re1 Ne7 15.
Ba3 Re8 16. c4 Bf8 17. Qb3 Bf5 18. Bxe7 Rxe7 19. Bxf5 Rxe1+ 20. Rxe1 gxf5 21.
cxd5 Qd7 22. Re6 Kg7 23. Nh4 Kf7 24. Qf3 Rc8 25. Nxf5 Rc1+ 26. Kh2 Qd8 27. Qh5+
Kg8 28. Re8 Qd7 29. Qg4+ Kf7 30. Ra8 Rf1 31. Nh6+ 1-0

[Event "Ä19 "]
[Site "Loo"]
[Date "2017.04.20"]
[Round "1.21"]
[White "Áîëèåâà, Ìàðèÿ."]
[Black "Ìàìîíòîâà, Àíàñòàñèÿ."]
[Result "0-1"]
[WhiteElo "1278"]
[BlackElo "1948"]
[PlyCount "54"]
[EventDate "2017.04.20"]

1. e4 c6 2. d4 d5 3. Nc3 dxe4 4. Nxe4 Nd7 5. Nf3 Ngf6 6. Bd3 g6 7. Qe2 Nxe4 8.
Qxe4 Bg7 9. Ng5 Nf6 10. Qh4 h6 11. Nf3 g5 12. Nxg5 hxg5 13. Qxg5 Bh6 14. Qe5
Bxc1 15. Rxc1 Rg8 16. g3 Ng4 17. Qc5 Qc7 18. c3 Be6 19. a4 Bd5 20. Rg1 Nxh2 21.
Be2 Qd7 22. c4 Bf3 23. Rc2 Bxe2 24. Kxe2 Qg4+ 25. Ke1 Nf3+ 26. Kf1 Nxg1 27.
Kxg1 Qd1+ 0-1

[Event "Ì15Ï "]
[Site "Loo"]
[Date "2017.04.20"]
[Round "1.1"]
[White "Áîéêî, Èãîðü."]
[Black "Ãàáäðàõìàíîâ, Àçàò."]
[Result "1/2-1/2"]
[WhiteElo "1649"]
[BlackElo "2011"]
[PlyCount "69"]
[EventDate "2017.04.20"]

1. Nf3 c5 2. c4 Nf6 3. Nc3 d6 4. d4 cxd4 5. Nxd4 b6 6. e4 Bb7 7. f3 e6 8. Be3
Be7 9. Bd3 Nbd7 10. O-O O-O 11. Rc1 Rc8 12. b3 Qc7 13. Bb1 a6 14. Qe2 Qb8 15.
f4 Rfe8 16. h3 Bf8 17. Nf3 g6 18. g4 Bg7 19. Bf2 Qa8 20. Nd2 h6 21. Bg3 b5 22.
e5 Nh7 23. cxb5 dxe5 24. fxe5 Qa7+ 25. Kh2 Qd4 26. Nc4 Nxe5 27. Bxe5 Bxe5+ 28.
Nxe5 Rxc3 29. Rxc3 Qxc3 30. Rxf7 Ng5 31. Rxb7 Qxh3+ 32. Kg1 Qg3+ 33. Kh1 Qh3+
34. Kg1 Qg3+ 35. Kh1 1/2-1/2

[Event "Ì15Ï "]
[Site "Loo"]
[Date "2017.04.20"]
[Round "1.2"]
[White "Àäûðáàåâ, Àëüáåðò."]
[Black "Íîâèêîâ, Èâàí."]
[Result "1/2-1/2"]
[WhiteElo "2008"]
[BlackElo "1649"]
[PlyCount "83"]
[EventDate "2017.04.20"]

1. Nf3 g6 2. g3 Bg7 3. Bg2 d6 4. d4 Nf6 5. O-O O-O 6. c4 Nc6 7. Nc3 e5 8. dxe5
Nxe5 9. Nxe5 dxe5 10. Qxd8 Rxd8 11. Bg5 Rd4 12. e3 Rxc4 13. Rfd1 h6 14. Rd8+
Kh7 15. Bxf6 Bxf6 16. Re8 Rc5 17. Bd5 Kg7 18. Bb3 Rc6 19. Ne4 a5 20. Bd5 Rca6
21. Rc1 c6 22. Nc5 Bf5 23. Rxa8 Rxa8 24. Bb3 b6 25. Na4 b5 26. Nb6 Ra6 27. Rxc6
Bd8 28. Rd6 Bxb6 29. a4 bxa4 30. Bc4 Ra7 31. Rxb6 Rc7 32. Bd5 Rc5 33. e4 Bh3
34. f3 Rc2 35. Rb7 Rg2+ 36. Kh1 Rc2 37. Rxf7+ Kh8 38. Rf8+ Kg7 39. Rf7+ Kh8 40.
Rf8+ Kg7 41. Rf7+ Kh8 42. Rf8+ 1/2-1/2

[Event "Ì15Ï "]
[Site "Loo"]
[Date "2017.04.20"]
[Round "1.3"]
[White "Áóíèàòÿí, Äàâèä."]
[Black "Äîëãèõ, Åâãåíèé."]
[Result "0-1"]
[WhiteElo "1648"]
[BlackElo "2003"]
[PlyCount "106"]
[EventDate "2017.04.20"]

1. e4 c5 2. f4 Nc6 3. Nf3 d6 4. Bb5 Bd7 5. O-O Nf6 6. d3 e6 7. Nc3 Qb6 8. Bxc6
Bxc6 9. Kh1 Be7 10. Rb1 O-O 11. Qe1 Rfe8 12. Qg3 c4 13. e5 Nh5 14. Qg4 g6 15.
dxc4 Qa6 16. b3 d5 17. Nb5 Bxb5 18. cxb5 Qxb5 19. Bb2 Qa6 20. a4 Qe2 21. Rbc1
Ng7 22. Rfe1 Qa6 23. Nd4 Bc5 24. Nb5 Qb6 25. Qd1 Nf5 26. Qd3 a6 27. g4 axb5 28.
gxf5 bxa4 29. f6 axb3 30. Qh3 bxc2 31. Bd4 Qb4 32. Bxc5 Qxc5 33. Rxc2 Qb4 34.
Qh4 Rec8 35. Rb2 Qc3 36. Reb1 Qf3+ 37. Kg1 Qe3+ 38. Qf2 Rc1+ 39. Rxc1 Qxc1+ 40.
Kg2 Qc7 41. Rc2 Qd8 42. Rb2 Rb8 43. Qh4 h5 44. Qg5 Kh7 45. Rb3 d4 46. Rh3 Qd5+
47. Kg1 Rg8 48. Kf2 Qa2+ 49. Kf1 Qb1+ 50. Kf2 Qd1 51. Qg3 Rc8 52. Qf3 Rc2+ 53.
Kg3 Qe1+ 0-1

[Event "Ì15Ï "]
[Site "Loo"]
[Date "2017.04.20"]
[Round "1.4"]
[White "Êèñåëåâ, Âëàäèñëàâ."]
[Black "Æóê, Êèðèëë."]
[Result "1-0"]
[WhiteElo "1993"]
[BlackElo "1641"]
[PlyCount "151"]
[EventDate "2017.04.20"]

1. e4 e5 2. Nf3 Nc6 3. Bb5 Nf6 4. Nc3 Bb4 5. d3 d6 6. O-O O-O 7. Bg5 Bxc3 8.
bxc3 Re8 9. Re1 h6 10. Bh4 a6 11. Bxc6 bxc6 12. h3 g5 13. Bg3 Nh5 14. Bh2 Nf4
15. d4 f6 16. Bxf4 gxf4 17. Kh2 Kh7 18. g3 Qd7 19. Ng1 fxg3+ 20. fxg3 Rg8 21.
Rf1 Qg7 22. Qf3 Be6 23. g4 Bc4 24. Rf2 Raf8 25. Ne2 Bxe2 26. Rxe2 Qg6 27. Rf1
Kg7 28. Qd3 a5 29. Rf5 Qe8 30. Qc4 Rf7 31. Re1 Rgf8 32. h4 Rh8 33. Kh3 Rh7 34.
Qd3 Rh8 35. Ref1 Rhf8 36. Qe3 Qe7 37. Qd3 Qe8 38. Kg3 Qd8 39. R1f3 Qe8 40. Qe3
Qe7 41. Qd3 Qe8 42. Rf1 Qd8 43. Rb1 Qc8 44. Qc4 Qa8 45. Rbf1 Qe8 46. d5 c5 47.
Rb1 Qa8 48. Rff1 Rb8 49. Rb3 Rff8 50. Rfb1 Qa7 51. Qa4 Rfd8 52. Kf3 Rxb3 53.
Qxb3 Kg6 54. c4 Qa6 55. Qb5 Ra8 56. h5+ Kf7 57. Qd7+ Kf8 58. Rb5 Qa7 59. Qe6
Kg7 60. Qe7+ Kg8 61. Ke3 Rf8 62. a4 Rf7 63. Qe6 Kg7 64. Qf5 Kg8 65. Qg6+ Rg7
66. Qxf6 Rh7 67. Qd8+ Kf7 68. Rb8 Qxb8 69. Qxb8 Kf6 70. Qf8+ Kg5 71. Qf5+ Kh4
72. Qxh7 c6 73. g5 cxd5 74. cxd5 c4 75. Kf3 Kxh5 76. Qxh6# 1-0

[Event "Ì15Ï "]
[Site "Loo"]
[Date "2017.04.20"]
[Round "1.5"]
[White "Æóðàâëåâ, Èãíàò."]
[Black "Ñëóãèí, ßðîñëàâ."]
[Result "1/2-1/2"]
[WhiteElo "1638"]
[BlackElo "1974"]
[PlyCount "128"]
[EventDate "2017.04.20"]

1. e4 c5 2. Nf3 Nc6 3. d4 cxd4 4. Nxd4 Nf6 5. Nc3 d6 6. Be2 e5 7. Nf3 h6 8. O-O
Be7 9. Be3 Be6 10. Re1 O-O 11. h3 a6 12. Bd3 b5 13. a3 Rc8 14. b3 Qc7 15. Bd2
Rfd8 16. Qe2 Rb8 17. Red1 d5 18. exd5 Nxd5 19. Nxd5 Bxd5 20. Be4 Be6 21. Rdc1
Nd4 22. Nxd4 Rxd4 23. Bf3 Rxd2 24. Qxd2 Bg5 25. Qe1 Bxc1 26. Rxc1 Rc8 27. Qe3
Qc5 28. Qxc5 Rxc5 29. Be4 Kf8 30. Bb7 a5 31. b4 axb4 32. axb4 Rc4 33. c3 Rc7
34. Bf3 Bc4 35. g4 Ke7 36. Kg2 g6 37. Be4 Ke6 38. Ra1 Rd7 39. Kf3 Rd8 40. Rc1
f5 41. gxf5+ gxf5 42. Bc2 Kf6 43. Kg3 f4+ 44. Kf3 Rd2 45. Be4 Ke6 46. Ra1 Rd6
47. Rg1 Kf7 48. Ra1 Ke6 49. Rg1 Bd5 50. Rg6+ Kd7 51. Rg7+ Kc6 52. Re7 Bxe4+ 53.
Kxe4 Rd2 54. Rxe5 Rxf2 55. Re6+ Kc7 56. Rxh6 Rc2 57. Kxf4 Rxc3 58. Re6 Rxh3 59.
Re4 Kd6 60. Rd4+ Ke6 61. Ke4 Rc3 62. Kf4 Rh3 63. Ke4 Rh4+ 64. Kd3 Rxd4+ 1/2-1/2

[Event "Ì15Ï "]
[Site "Loo"]
[Date "2017.04.20"]
[Round "1.6"]
[White "Òÿïêèí, Ïåòð."]
[Black "Ñìåëûõ, Ýäâèí."]
[Result "0-1"]
[WhiteElo "1960"]
[BlackElo "1635"]
[PlyCount "148"]
[EventDate "2017.04.20"]

1. d4 d5 2. Nf3 c6 3. c4 Nf6 4. Qc2 e6 5. g3 Nbd7 6. Bg2 Be7 7. O-O O-O 8. Nbd2
b6 9. e4 dxc4 10. Nxc4 Bb7 11. Rd1 c5 12. Nfe5 cxd4 13. Rxd4 Bc5 14. Rd1 Qe7
15. Bg5 Nxe5 16. Nxe5 Rfd8 17. Ng4 e5 18. Bxf6 gxf6 19. Nh6+ Kh8 20. Qc4 Rf8
21. Bh3 Bc8 22. Bxc8 Raxc8 23. Qd5 Qe6 24. Nf5 Qxd5 25. Rxd5 h5 26. Rad1 Kh7
27. a3 a5 28. Kg2 Kg6 29. R1d2 Rfe8 30. Kf3 Rb8 31. h3 Rbc8 32. Nd6 Bxd6 33.
Rxd6 Re6 34. Rxe6 fxe6 35. Rd6 b5 36. Rb6 Rc5 37. Ke3 Kf7 38. Kd3 a4 39. Rb7+
Kg6 40. Rb6 Kf7 41. Kd2 Rc4 42. Rb7+ Kg6 43. Rxb5 Rxe4 44. Rb8 Rd4+ 45. Kc3 f5
46. Rb5 Kf6 47. Rc5 Rd5 48. Rxd5 exd5 49. Kb4 d4 50. Kxa4 e4 51. Kb3 f4 52.
gxf4 Kf5 53. Kc2 Kxf4 54. a4 Kf3 55. a5 Ke2 56. a6 d3+ 57. Kc3 d2 58. a7 d1=Q
59. a8=Q Qd3+ 60. Kb4 Kxf2 61. Qa7+ e3 62. Qf7+ Ke1 63. Qf3 Qd4+ 64. Ka5 e2 65.
b4 Kd2 66. Qg2 Qa1+ 67. Kb6 Qd4+ 68. Ka5 Qa1+ 69. Kb6 Qd4+ 70. Ka5 Qc3 71. h4
Kd1 72. Qd5+ Kc1 73. Qg5+ Kb1 74. Qf5+ Ka1 0-1